1978 FIFA World Cup Final Argentina - Netherlands - Statistics

General Stats
  • This quiz has been taken 227 times
  • The average score is 13 of 28
Answer Stats
Player % Correct
Mario Kempes ²
90%
Daniel Passarella
79%
Johan Neeskens
73%
Ubaldo Fillol
64%
Johnny Rep
62%
Ruud Krol
62%
Rob Rensenbrink
60%
César Luis Menotti
47%
Leopoldo Luque
47%
Osvaldo Ardiles
47%
Arie Haan
46%
Daniel Bertoni ¹
45%
Alberto Tarantini
43%
René van de Kerkhof
42%
Willy van de Kerkhof
42%
Dick Nanninga ¹
41%
Jan Jongbloed
40%
Américo Gallego
35%
Ernst Happel
34%
René Houseman
34%
Jorge Olguín
33%
Wim Suurbier
33%
Luis Galván
31%
Wim Jansen
31%
Ernie Brandts
28%
Jan Poortvliet
27%
Oscar Alberto Ortiz
27%
Omar Larrosa
11%
No matching quizzes found
Score Distribution
Percent of People with Each Score
Percentile by Number Answered
Your Score History
You have not taken this quiz